Rhode Island by Picture - Statistics

General Stats
  • This quiz has been taken 64 times
  • The average score is 11 of 15
Answer Stats
Picture Hint Answer % Correct
capital city Providence
100%
university Brown
94%
pharmacy chain CVS
94%
bridge Newport Bridge
87%
island Block Island
79%
fictional city, or clam Quahog
77%
Puritan founder of RI Roger Williams
77%
bay Narragansett Bay
74%
airport T. F. {Green}
70%
state bird Rhode Island {Red}
68%
Vanderbilt mansion The Breakers
60%
city Pawtucket
57%
county Kent
53%
Westerly neighborhood {Watch} Hill
53%
horror writer H. P. Lovecraft
51%
No matching quizzes found
Score Distribution
Percent of People with Each Score
Percentile by Number Answered
Your Score History
You have not taken this quiz